Engineering mechanics (Record no. 18469)

000 -LEADER
fixed length control field 00524nam a22002057a 4500
001 - CONTROL NUMBER
control field 18469
003 - CONTROL NUMBER IDENTIFIER
control field BD-DhUET
008 - FIXED-LENGTH DATA ELEMENTS--GENERAL INFORMATION
fixed length control field 150330b xxu||||| |||| 00| 0 eng d
020 ## - INTERNATIONAL STANDARD BOOK NUMBER
International Standard Book Number 8122406173
040 ## - CATALOGING SOURCE
Original cataloging agency DLC
Transcribing agency DLC
Modifying agency BD-DhUET
082 ## - DEWEY DECIMAL CLASSIFICATION NUMBER
Classification number 620.1
Item number BHA/1994
100 ## - MAIN ENTRY--PERSONAL NAME
Personal name Bhavikatti, S. S.
245 ## - TITLE STATEMENT
Title Engineering mechanics
250 ## - EDITION STATEMENT
Edition statement 1st ed.
260 ## - PUBLICATION, DISTRIBUTION, ETC. (IMPRINT)
Place of publication, distribution, etc. New Delhi
Name of publisher, distributor, etc. New Age International
Date of publication, distribution, etc. 1994
300 ## - PHYSICAL DESCRIPTION
Extent xiii, 537p.
Other physical details ill.
650 #0 - SUBJECT ADDED ENTRY--TOPICAL TERM
Topical term or geographic name as entry element Engineering mechanics
700 ## - ADDED ENTRY--PERSONAL NAME
Personal name Rajashekarappa, K. G.
942 ## - ADDED ENTRY ELEMENTS (KOHA)
Koha item type General Book
Holdings
Koha item type Withdrawn status Koha date last seen Piece designation (barcode) Sublocation or collection (holding branch) Price effective from Copy number Not for loan Lost status Source of classification or shelving scheme Koha full call number Location (home branch) Date acquired Shelving location Damaged status Koha normalized classification for sorting
General Book 2015-03-3089832Central Library, BUET2015-03-301   620.1/BHA/1994Central Library, BUET2015-03-30Circulation section 620_100000000000000_BHA_1994
General Book 2015-03-3089830Central Library, BUET2015-03-302   620.1/BHA/1994Central Library, BUET2015-03-30Circulation section 620_100000000000000_BHA_1994
Reading Item 2015-06-1689511Central Library, BUET2015-06-163   620.1/BHA/1994Central Library, BUET2015-06-16Reading section 620_100000000000000_BHA_1994
Reading Item 2015-06-1689510Central Library, BUET2015-06-164   620.1/BHA/1994Central Library, BUET2015-06-16Reading section 620_100000000000000_BHA_1994